000
00352nam a2200133Ia 4500
008
231129s1984||||xx |||||||||||||| ||spa||
020
_a
84-7386-347-X
082
_a
HAJ- 0411
100
_a
Lawrence Guiles Fred
245
0
_a
Jane Fonda
260
_c
1984
264
_a
EspaƱa: Ultramar 1984
942
_2
ddc
_c
BKS
999
_c
16072
_d
16072